Responses for show #8338 - Wednesday, February 17, 2021

Contestants

[<< previous game]

Natalie Walsh, a naturopathic doctor originally from Okemos, Michigan

Andy West, a medical information officer from Fishersville, Virginia

Phil Hoffman, a graduate student originally from Mountain Lakes, New Jersey (whose 2-day cash winnings total $37,390)

[next game >>]

Jeopardy! Round responses

MAMMALS
CATHOLICISM
U.S. CITIES
SNAP
"CRACK"LE
POP
    $200 29
rodents

Natalie
    $200 30
a crucifix

Andy
    $200 5
San Francisco

Andy
    $200 17
instant

Natalie
    $200 16
(Natalie: What are [*]s?)

Cracker Jack

Natalie
    $200 13
Britney Spears

Andy
    $400 28
marsupial

Andy
    $400 1
(Andy: What is a [**]?)
(Phil: What is diocese?)
(Ken: More specific?)
[Andy's response was ruled incorrect and the decision was reversed after the break.]

an archdiocese (see)

PhilAndy
    $400 22
Lancaster

Phil
    $400 18
Amazon

Phil
    $400 6
crack the whip

Andy
    $400 10
The Weeknd

Natalie
    $600 27
(Natalie: What's an ermine?)

a sable

Natalie
Triple Stumper
    $600 2
Saint Francis (of Assisi)

Natalie
    $600 21
Charleston

Andy
    $600 14
Polaroid

Andy
    $600 7
wisecracks

Andy
    $600 11
(Phil: Who is Madonna?)

Brandy

PhilNatalie
    $800 25
bats

Natalie
    $800 3
Obligation

Triple Stumper
    $1,000 23
(Phil: What is Milwaukee?)

La Crosse

Phil
    $800 19
TurboTax

Andy
    $800 8
a crack shot

Natalie
    $800 12
Depeche Mode

Andy
    $1000 26
a wolverine

Andy
    $1000 4
(Phil: Who is Mary Magdalene?)
(Andy: Who is Mary?)

Saint Veronica

PhilAndy
Triple Stumper
    $1000 24
Fairbanks

Phil
    $1000 20
a pressure cooker

Phil
    $1000 9
cracker barrel

Andy
    $1000 15
Sublime

Triple Stumper

Scores at the first commercial break (after clue 15):

Phil Andy Natalie
-$1,200 $3,200 $2,400

Scores at the end of the Jeopardy! Round:

Phil Andy Natalie
$600 $6,200 $3,200

Double Jeopardy! Round responses

THE NOVEL'S NARRATOR
DOCUMENTARIES
RUN IT UP THE FLAGPOLE
'80s TALK
EUROPEAN HISTORY
LEFT BEHIND ON THE MOON
    $400 16
The Catcher in the Rye

Natalie
    $400 6
Dr. Ruth

Natalie
    $400 11
the United Kingdom

Phil
    $400 9
a mosh pit

Andy
    $400 5
a crusade

Phil
    $400 21
a (lunar) rover

Natalie
    $800 17
(Andy: Uh... who is--hmm...)

Katniss (Everdeen)

PhilAndy
    $800 7
Donkey Kong

Natalie
    $800 12
wheat

Andy
    $800 10
swipe

Phil
    $800 1
the Low Countries

Phil
    $800 22
an olive branch

Natalie
    $1200 18
(Bret Easton) Ellis

Andy
    $1200 8
Super Size Me

Andy
    $4,000 28
(Natalie: [Sighs] What is a shillelagh?)

a (Celtic) harp

Natalie
    $1200 13
spin doctors

Andy
    $1200 2
the Baltic Sea

Phil
    $1200 23
Apollo 11

Phil
    $1600 19
Room

Triple Stumper
    $1600 29
(Michael) Moore

Natalie
    $1600 26
a yurt

Natalie
    $1600 14
laptop

Andy
    $1600 3
Czechoslovakia

Natalie
    $1600 24
golf balls

Phil
    $2000 20
(Phil: Who's Proust?)

Marcel

PhilAndy
    $2000 30
American Factory

Phil
    $2000 27
Jacques Cartier

Triple Stumper
    $2000 15
thirty-something

Triple Stumper
    $2000 4
Italy

Natalie
    $5,000 25
Galileo

Phil

Scores at the end of the Double Jeopardy! Round:

Phil Andy Natalie
$12,800 $13,800 $8,800

[wagering suggestions for these scores]

Final Jeopardy! Round responses

WINTER SPORTS
(Ken: Figure skaters no longer have to make the compulsory figure eights and other patterns they used to, not since 1990.)
NatalieWhat is target-
$8,793
PhilWhat is curling?
$12,795
AndyWhat is skeleton?
$11,801
figure skating

Final scores:

Phil Andy Natalie
$5 $1,999 $7
3rd place: $1,000 New champion: $1,999 2nd place: $2,000

Game dynamics:

Coryat scores:

Phil Andy Natalie
$10,800 $13,800 $12,800
15 R
(including 1 DD),
4 W
(including 1 DD)
20 R,
2 W
17 R,
2 W
(including 1 DD)

Combined Coryat: $37,400

The J! Archive is created by fans, for fans. The Jeopardy! game show and all elements thereof, including but not limited to copyright and trademark thereto, are the property of Jeopardy Productions, Inc. and are protected under law. This website is not affiliated with, sponsored by, or operated by Jeopardy Productions, Inc. Join the discussion at JBoard.tv.